Practical helps for a hurting Church: (Record no. 5771)

000 -LEADER
fixed length control field 00639nam a2200181 a 4500
001 - CONTROL NUMBER
control field :::00003513$&:&@@
003 - CONTROL NUMBER IDENTIFIER
control field OkBaRHE
005 - DATE AND TIME OF LATEST TRANSACTION
control field 20000607103306.0
008 - FIXED-LENGTH DATA ELEMENTS--GENERAL INFORMATION
fixed length control field s1988 j 000 0 eng u
040 ## - CATALOGING SOURCE
Transcribing agency
100 1# - MAIN ENTRY--PERSONAL NAME
Personal name Swindoll, Charles R.
245 10 - TITLE STATEMENT
Title Practical helps for a hurting Church:
Remainder of title a study of 1 Corinthians 6:12-11:34.
260 ## - PUBLICATION, DISTRIBUTION, ETC. (IMPRINT)
Place of publication, distribution, etc Fullerton, CA., :
Name of publisher, distributor, etc Charles R. Swindoll
Date of publication, distribution, etc c1988
300 ## - PHYSICAL DESCRIPTION
Extent 94 p. : illus. ;
Dimensions 22 cm.
650 ## - SUBJECT ADDED ENTRY--TOPICAL TERM
Topical term or geographic name as entry element Bible New Testament 1 Corinthians 6:12-11:34
General subdivision Study
942 ## - ADDED ENTRY ELEMENTS (KOHA)
Source of classification or shelving scheme
Koha item type Books
Copies
Full call number Koha item type Lost status Barcode Copy number Price effective from Date last seen Date acquired Withdrawn status Shelving location Not for loan Damaged status Source of classification or shelving scheme Permanent Location
BS 2675.3 .S9662Books 351312010-04-142018-04-032010-04-14 General Stacks   RHEMA Bible Training College